| 000 | 00683nam a2200229 a 4500 | ||
|---|---|---|---|
| 001 | 000042515 | ||
| 005 | 20201002040214.0 | ||
| 008 | 131205s1982 sp a r 000 0 spa d | ||
| 020 | _a8472233332 | ||
| 040 |
_aDO-SdBNP _bspa _cBNPHU |
||
| 041 | 1 | 7 |
_aspa _halem |
| 082 |
_axxxx _bxxxx |
||
| 100 | 1 |
_aLópez, Esteban, _d1931- _969724 |
|
| 240 | 1 | 0 |
_aTarok _lEspañol |
| 245 | 1 | 0 |
_aAmor y Tarot / _cEsteban López ; traducción ... de Luis Ogg. |
| 260 |
_aBarcelona : _bTusquets, _c1982. |
||
| 300 |
_a188 p. : _bil. ; _c20 cm. |
||
| 490 | 1 |
_aLa Sonrisa vertical _v31 |
|
| 590 | _aInventariado, 2019/BT | ||
| 700 | 1 | 2 |
_aOgg, Luis, _etr. _969725 |
| 830 | 0 |
_aLa Sonrisa vertical _n31 _969726 |
|
| 999 |
_c42004 _d42004 |
||